ბათუმის შოთა რუსთაველის სახელმწიფო უნივერსიტეტის ბიბლიოთეკა

კლიმ სამგინის ცხოვრება. ორმოცი წელი. ნაწ.3 (ბიბ.ჩანაწერი № 48718)

000 -LEADER
fixed length control field 00796nam a2200217Ia 4500
001 - CONTROL NUMBER
control field 15618
003 - CONTROL NUMBER IDENTIFIER
control field GE_BSU
008 - FIXED-LENGTH DATA ELEMENTS--GENERAL INFORMATION
fixed length control field 181216s||||||||xx |||||||||||||| ||und||
040 ## - CATALOGING SOURCE
Transcribing agency GE_BSU
080 ## - UNIVERSAL DECIMAL CLASSIFICATION NUMBER
Universal Decimal Classification number 821.161.1-32
245 ## - TITLE STATEMENT
Title კლიმ სამგინის ცხოვრება. ორმოცი წელი. ნაწ.3
245 ## - TITLE STATEMENT
Remainder of title მოთხრობა
245 ## - TITLE STATEMENT
Statement of responsibility, etc. თარგმ. ბ. ნანიტაშვილისა.რედ.შ.აფხაიძე
260 ## - PUBLICATION, DISTRIBUTION, ETC.
Place of publication, distribution, etc. თბილისი
260 ## - PUBLICATION, DISTRIBUTION, ETC.
Name of publisher, distributor, etc. საბჭ. მწერალი
260 ## - PUBLICATION, DISTRIBUTION, ETC.
Date of publication, distribution, etc. 1962
300 ## - PHYSICAL DESCRIPTION
Extent 424 გვ.21სმ
653 ## - INDEX TERM--UNCONTROLLED
Uncontrolled term კლიმ სამგინის ცხოვრება. ორმოცი წელი
653 ## - INDEX TERM--UNCONTROLLED
Uncontrolled term მოთხრობა
942 ## - ADDED ENTRY ELEMENTS (KOHA)
Koha item type წიგნი
ეგზემპლარები
Withdrawn status Lost status Damaged status Not for loan Date acquired Barcode Date last seen Price effective from Koha item type
        2018-12-17 21155 2018-12-17 2018-12-17 წიგნი
        2018-12-17 21156 2018-12-17 2018-12-17 წიგნი
        2018-12-17 21157 2018-12-17 2018-12-17 წიგნი